[Event "WSTCC-50 2020"]
[Site "Prague"]
[Date "2020.03.06"]
[Round "1.30"]
[White "Vokac, Marek"]
[Black "Klaiss, Thomas"]
[Result "1-0"]
[WhiteElo "2348"]
[BlackElo "1991"]
[Annotator "ChessBase"]
[PlyCount "85"]
[EventDate "2020.03.06"]
[EventType "team-tourn"]
[EventCountry "CZE"]
[SourceTitle "playchess.com"]
[Source "ChessBase"]
[SourceQuality "1"]
[TimeControl "40/5400+30:1800+30"]

1. c4 e5 2. g3 Nf6 3. Bg2 Nc6 4. Nc3 Bb4 5. Nd5 O-O 6. e3 Re8 7. Ne2 a6 8. O-O Bf8 9. d3 Rb8 10. b3 d6 11. Bb2 Nd7 12. f4 Ne7 13. f5 Nxd5 14. cxd5 c6 15. Nc3 cxd5 16. Nxd5 Nf6 17. Rc1 Nxd5 18. Bxd5 Qa5 19. e4 Be7 20. Qh5 Rf8 21. Rc2 Bd7 22. g4 Bc6 23. Bxc6 bxc6 24. g5 f6 25. g6 h6 26. Bc1 Rb7 27. Rxc6 Rd8 28. Qe2 d5 29. Qc2 Rbd7 30. Be3 Rb8 31. Rc1 Ba3 32. Rc8+ Rd8 33. Rxb8 Rxb8 34. Qc7 Qxc7 35. Rxc7 d4 36. Bd2 Ra8 37. Ba5 Bd6 38. Rc6 Be7 39. Kf1 Kf8 40. Ke2 Ke8 41. Kd1 Ra7 42. Rc8+ Kd7 43. Rg8 1-0

[Event "WSTCC-50 2020"]
[Site "Prague"]
[Date "2020.03.06"]
[Round "1.31"]
[White "Mueller, Thomas"]
[Black "Polasek, Jaroslav"]
[Result "0-1"]
[WhiteElo "2025"]
[BlackElo "2365"]
[Annotator "ChessBase"]
[PlyCount "48"]
[EventDate "2020.03.06"]
[EventType "team-tourn"]
[EventCountry "CZE"]
[SourceTitle "playchess.com"]
[Source "ChessBase"]
[SourceQuality "1"]
[TimeControl "40/5400+30:1800+30"]

1. d4 {[%emt 0:00:00]} e6 {[%emt 0:00:00]} 2. e4 {[%emt 0:00:10]} d5 {[%emt 0:00:00]} 3. exd5 {[%emt 0:00:09]} exd5 {[%emt 0:00:00]} 4. Bd3 {[%emt 0:00:10]} Bd6 {[%emt 0:00:16]} 5. Nc3 {[%emt 0:00:37]} c6 {[%emt 0:01:05]} 6. Nge2 {[%emt 0:01:13]} Qf6 {[%emt 0:05:33]} 7. Be3 {[%emt 0:06:56]} Ne7 {[%emt 0:11:33]} 8. Qd2 {[%emt 0:12:05]} Bf5 {[%emt 0:00:17]} 9. Bg5 {[%emt 0:06:59]} Qg6 {[%emt 0:02:52]} 10. Bxe7 {[%emt 0:04:54]} Kxe7 {[%emt 0:04:22]} 11. Bxf5 {[%emt 0:04:52]} Qxf5 {[%emt 0:00:05]} 12. O-O {[%emt 0:01:49]} Kd7 {[%emt 0:03:46]} 13. Ng3 {[%emt 0:05:08]} Qg6 {[%emt 0:01:22]} 14. Nce2 {[%emt 0:03:05]} h5 {[%emt 0:05:17]} 15. h4 {[%emt 0:08:51]} Na6 {[%emt 0:08:50]} 16. Rfe1 {[%emt 0:09:26]} Rae8 {[%emt 0:05:38]} 17. Qg5 {[%emt 0:09:28]} Qxg5 {[%emt 0:01:43]} 18. hxg5 {[%emt 0:00:01]} Nb4 {[%emt 0:00:07]} 19. Rac1 {[%emt 0:01:36]} Nxa2 {[%emt 0:01:47]} 20. Ra1 {[%emt 0:06:39]} Nb4 {[%emt 0:00:10]} 21. Rxa7 {[%emt 0:01:15]} Kc7 {[%emt 0:01:03]} 22. Kf1 {[%emt 0:02:01]} Bxg3 {[%emt 0:03:58]} 23. Nxg3 {[%emt 0:03:05]} Rxe1+ {[%emt 0:00:04]} 24. Kxe1 {[%emt 0:00:02]} Nxc2+ {[%emt 0:00:06]} 0-1

[Event "WSTCC-50 2020"]
[Site "Prague"]
[Date "2020.03.06"]
[Round "1.32"]
[White "Vrbata, Zbynek"]
[Black "Dieterle-Bard, Bernhard"]
[Result "1-0"]
[WhiteElo "2350"]
[BlackElo "1865"]
[Annotator "TA"]
[PlyCount "61"]
[EventDate "2020.03.06"]
[EventType "team-tourn"]
[EventCountry "CZE"]
[SourceTitle "playchess.com"]
[Source "ChessBase"]
[SourceQuality "1"]

{[%evp 18,61,33,28,34,25,31,19,47,36,84,71,73,71,85,96,132,99,94,35,87,-3,126,106,129,125,121,58,87,56,414,437,417,387,349,0,29990,290,29991,29992,29990,1653,29996,29997,29997,-912]} 1. d4 Nf6 2. c4 e6 3. Nc3 d5 4. cxd5 exd5 5. Bg5 Be7 6. e3 O-O 7. Bd3 c6 8. Qc2 h6 9. Bh4 Be6 10. Nge2 Nh5 {D36: Queen's Gambit Declined: Exchange Variation: Main line (5 Bg5 c6 6 Qc2).} 11. Bxe7 Qxe7 12. h3 f5 {The position is equal.} 13. O-O-O Nd7 14. Rdg1 f4 15. g4 fxe3 16. fxe3 Nhf6 17. g5 hxg5 18. h4 (18. Rxg5 $16 {Threatens to win with Nf4.} Ne4 19. Nxe4 dxe4 20. Bc4 Qxg5 21. Bxe6+ Kh8 22. Bxd7 Qxe3+ 23. Qd2) 18... g4 $14 19. Ng3 (19. h5 $1 $16) 19... Bf7 (19... Rae8 $11 {remains equal.}) 20. Nf5 $36 {[%mdl 2048] White is in control.} Qe6 21. h5 $1 Ne4 22. Nxe4 ({Better is} 22. Bxe4 $16 dxe4 23. Qxe4 Qxe4 24. Nxe4) 22... dxe4 $14 ({But not} 22... Qxf5 $2 23. Nc5 $18) 23. Bxe4 Qxa2 $2 {[%mdl 8192]} ({Black should play} 23... Nf6 $14 24. Bd3 Rae8) 24. Rxg4 $18 Qa1+ 25. Kd2 (25. Qb1 Qxb1+ 26. Bxb1 Be6 $18) 25... Qa5+ 26. Kc1 $2 ({Not} 26. Qc3 Qxc3+ 27. bxc3 Be6 $18) (26. Kd1 $18 Be6 27. Rg5 (27. Rxg7+ Kh8 $16)) 26... Nf6 $2 {[%mdl 8192]} (26... Qa1+ $11 27. Qb1 Qxb1+ 28. Bxb1 Kh8 29. Rxg7 Be6) 27. Rxg7+ Kh8 28. Qg2 {[#]} Rg8 $146 ({Predecessor:} 28... Nxe4 29. Rh7+ {1-0 (29) Vrbata,Z (2350)-Dieterle Bard,B (1865) Prague 2020}) 29. h6 (29. Qg5 $142 Qd2+ 30. Kb1 Qe1+ 31. Rxe1 Ng4 32. h6 Raf8 33. h7 Re8 34. hxg8=Q+ Bxg8 35. Rh7+ $1 {[%mdl 576] Clearance} Bxh7 36. Qg7#) 29... Nxe4 {[#]} 30. Rxg8+ $1 {[%mdl 64] Back Rank} Rxg8 {[#]} 31. Qg7+ $1 {[%mdl 33344] Back Rank. Accuracy: White = 61%, Black = 53%. . Loss on time!?} 1-0

[Event "WSTCC-50 2020"]
[Site "Prague"]
[Date "2020.03.06"]
[Round "1.33"]
[White "Fritsche, Lutz"]
[Black "Schlag, Andreas"]
[Result "0-1"]
[WhiteElo "2321"]
[BlackElo "2057"]
[Annotator "TA"]
[PlyCount "80"]
[EventDate "2020.03.06"]
[EventType "team-tourn"]
[EventCountry "CZE"]
[SourceTitle "playchess.com"]
[Source "ChessBase"]
[SourceQuality "1"]

{[%evp 9,80,0,3,-23,-13,-17,-13,-18,-15,-26,-1,0,6,-9,14,16,17,18,18,0,101,99,31,-11,139,145,209,204,229,222,437,427,400,328,316,315,324,325,323,317,317,308,298,238,247,0,279,119,203,0,0,0,293,15,14,0,297,289,372,-645,-451,-498,-153,-1223,-377,-787,-821,-973,-966,-901,-915,-1018,-982]} 1. f4 d5 2. Nf3 Nf6 3. e3 b6 4. b3 e6 5. Bb2 Be7 6. Be2 {A03: Bird's Opening with 1...d5.} O-O 7. O-O Bb7 8. Qe1 {The position is equal.} c5 9. d3 Nbd7 10. Nbd2 b5 11. Ne5 {[#]} Qa5 $146 ({Predecessor:} 11... Nxe5 12. fxe5 Nd7 13. Qg3 Qc7 14. Nf3 c4 15. bxc4 bxc4 16. dxc4 dxc4 17. Bd4 Nb6 {½-½ (30) Nothnagel,M-Kappeler,R Germany 1993}) 12. a4 b4 13. Qg3 Qc7 14. Ndf3 g6 (14... a5 $11) 15. Qh3 {aiming for Ng5.} d4 ({Black should try} 15... Nxe5 $16 16. Bxe5 Qd8) 16. exd4 Bxf3 ({Better is} 16... cxd4 $11 17. Nc4 (17. Bxd4 Nxe5 18. Bxe5 Qc5+ 19. Rf2 Rac8 $14) 17... Nd5) 17. Bxf3 $16 {Hoping for Rae1.} ({Don't play} 17. Nxf3 $6 Bd6 $14) 17... Rac8 (17... Rae8 $16) 18. d5 $1 $18 {[%cal Rd5e6]} exd5 19. Rae1 $1 {Black must now prevent Nxd7.} Nb8 $2 (19... c4 {was worth a try.} 20. dxc4 (20. Nxd7 Nxd7 21. Bxd5 c3 $16) 20... Nxe5) 20. f5 {And now fxg6 would win.} d4 21. Bc1 {Strongly threatening fxg6.} Bd6 22. Nc4 Nbd7 23. Qh4 Rce8 24. Rxe8 Rxe8 25. Bg5 Kg7 26. Qh6+ Kh8 27. Qh4 Kg7 $1 28. fxg6 (28. g4 $18 {and White stays clearly on top.}) 28... fxg6 (28... hxg6 $16 {was called for.} 29. Bh6+ (29. Nxd6 Qxd6 30. h3 Qe6 $14) 29... Kg8) 29. Be4 $2 (29. Bh6+ $18 Kh8 30. g3) 29... Nxe4 $11 30. dxe4 h5 $2 {[%mdl 8192]} (30... Kg8 $11 {and Black stays safe.}) 31. Bf6+ $2 ({White has to play} 31. g4 $1 $18) 31... Kh7 32. Bg5 $2 {[%mdl 8192]} (32. a5 $11) 32... Kg7 $18 {[#]} 33. g4 $1 Rxe4 34. Bf6+ $4 {[%mdl 8192]} (34. Nxd6 $18 Qxd6 {[#]} 35. Bh6+ $1 {[%mdl 576] Decoy} Kxh6 36. g5+ {[%mdl 64] Discovered Attack} Kg7 37. Qxe4) 34... Kh7 35. h3 Bf4 $2 (35... Re2 $19 {is more deadly.} 36. Rf5 Nxf6 37. Qxf6 gxf5 38. Nxd6 Qe7 39. Qxf5+ Kg7) 36. Kg2 $2 {Loses the game.} (36. Bd8 $17 Qc6 37. Re1) 36... Bh6 $2 (36... Qc6 {( -> ...Re2+!)} 37. Kg1 Re2) 37. Qf2 $2 (37. Bg5 Re2+ 38. Rf2 Rxf2+ {[%mdl 64] Overworked Piece} 39. Kxf2 Qh2+ 40. Kf1) 37... Rf4 $19 {[%mdl 64] Double Attack. Black is clearly winning.} 38. Qe2 Nxf6 39. Rxf4 Qxf4 40. Qe7+ Bg7 {Accuracy: White = 50%, Black = 51%.} 0-1

[Event "WSTCC-50 2020"]
[Site "Prague"]
[Date "2020.03.06"]
[Round "1.34"]
[White "Mikolajewski, Armin"]
[Black "Schulz, Klaus-Juergen"]
[Result "0-1"]
[WhiteElo "1993"]
[BlackElo "2331"]
[Annotator "TA"]
[PlyCount "52"]
[EventDate "2020.03.06"]
[EventType "team-tourn"]
[EventCountry "CZE"]
[SourceTitle "playchess.com"]
[Source "ChessBase"]
[SourceQuality "1"]

{[%evp 15,52,17,29,26,22,23,64,39,38,0,40,-27,-18,-36,-34,-32,-48,-38,-35,-49,-23,-70,-83,-115,-104,-125,-126,-147,-122,-183,-65,-72,-79,-571,-213,-2762,-2748,-2641,-2581]} 1. d4 d5 2. Nf3 Nf6 3. c4 dxc4 4. Nc3 a6 5. e3 e6 6. Bxc4 c5 7. Bd3 Nc6 8. O-O Qc7 9. Ne4 {D27: Queen's Gambit Accepted: Classical main line: 7 e4!? and 7 a4.} cxd4 10. exd4 Nb4 11. Bb1 {[#] White is slightly better.} Bd7 $146 ({Predecessor:} 11... Be7 12. Bg5 Nbd5 13. Nxf6+ Bxf6 14. Bxf6 Nxf6 15. Bd3 O-O 16. Rc1 Qb6 17. Qe2 Rd8 {½-½ (53) Bemporad,F (2055)-Gagliardi,C (2206) Milan 2013}) 12. a3 Nbd5 (12... Nxe4 {is interesting.} 13. Bxe4 Bc6 14. Bb1 Nd5 15. Ne5 Bd6) 13. Nxf6+ (13. Ne5 $14) 13... gxf6 $11 14. Re1 Bc6 15. Be4 O-O-O 16. Bd2 Kb8 17. Rc1 Qb6 18. Qc2 Bd6 19. b4 h5 20. Rb1 f5 21. Bd3 Rdg8 22. Kh1 (22. Bf1 $17) 22... Nf4 (22... Rg7 $19 23. Rg1 Rhg8) 23. Bxf4 $1 $15 Bxf4 24. Qc5 $2 {[%mdl 8192] [#]} (24. Qe2 $17 {is more resistant.}) 24... Qd8 $2 (24... Bxf3 $1 {[%mdl 512]} 25. gxf3 (25. Qxb6 {leads to mate.} Rxg2 {[%mdl 64] Double Attack} 26. Qxb7+ Kxb7 27. Bxa6+ Kb8 28. Rb3 Rxh2+ 29. Kg1 Rh1#) 25... Qd8) 25. b5 $2 (25. Be2) 25... Bxf3 $19 26. gxf3 {[#]} Qh4 $1 {[%mdl 576] Double Attack. Accuracy: White = 38%, Black = 58%.} 0-1

[Event "WSTCC-50 2020"]
[Site "Prague"]
[Date "2020.03.06"]
[Round "1.35"]
[White "Wolf, Volker"]
[Black "Baerthel, Klaus"]
[Result "1-0"]
[WhiteElo "2278"]
[BlackElo "1875"]
[Annotator "ChessBase"]
[PlyCount "61"]
[EventDate "2020.03.06"]
[EventType "team-tourn"]
[EventCountry "CZE"]
[SourceTitle "playchess.com"]
[Source "ChessBase"]
[SourceQuality "1"]
[TimeControl "40/5400+30:1800+30"]

1. Nf3 {[%emt 0:00:00]} Nf6 {[%emt 0:00:16]} 2. g3 {[%emt 0:00:13]} c5 {[%emt 0:01:51]} 3. Bg2 {[%emt 0:00:18]} Nc6 {[%emt 0:01:00]} 4. c4 {[%emt 0:01:11]} g6 {[%emt 0:01:56]} 5. O-O {[%emt 0:01:48]} Bg7 {[%emt 0:00:09]} 6. Nc3 {[%emt 0:02:11]} O-O {[%emt 0:00:24]} 7. d3 {[%emt 0:01:58]} d6 {[%emt 0:06:38]} 8. Bg5 {[%emt 0:03:53]} Rb8 {[%emt 0:11:25]} 9. Qd2 {[%emt 0:01:47]} a6 {[%emt 0:01:11]} 10. Bh6 {[%emt 0:01:48]} Nd4 {[%emt 0:10:11]} 11. Bxg7 {[%emt 0:09:38]} Nxf3+ {[%emt 0:01:34]} 12. Bxf3 {[%emt 0:00:45]} Kxg7 {[%emt 0:00:12]} 13. a3 {[%emt 0:01:05]} Bd7 {[%emt 0:05:53]} 14. b4 {[%emt 0:01:15]} b6 {[%emt 0:01:54]} 15. Rfb1 {[%emt 0:01:32]} Qc7 {[%emt 0:04:02]} 16. Ra2 {[%emt 0:04:37]} Rfc8 {[%emt 0:09:01]} 17. Rab2 {[%emt 0:07:23]} e6 {[%emt 0:08:42]} 18. Rb3 {[%emt 0:03:22]} d5 {[%emt 0:22:20]} 19. cxd5 {[%emt 0:10:31]} c4 {[%emt 0:01:19]} 20. dxc4 {[%emt 0:01:38]} Qxc4 {[%emt 0:00:27]} 21. e3 {[%emt 0:03:49]} exd5 {[%emt 0:04:11]} 22. Be2 {[%emt 0:04:12]} Qc6 {[%emt 0:04:06]} 23. b5 {[%emt 0:07:56]} Qe6 {[%emt 0:01:29]} 24. bxa6 {[%emt 0:01:16]} Bc6 {[%emt 0:00:45]} 25. Qd4 {[%emt 0:00:15]} Kg8 {[%emt 0:00:18]} 26. Rxb6 {[%emt 0:01:27]} Ra8 {[%emt 0:00:19]} 27. Bb5 {[%emt 0:06:13]} Nd7 {[%emt 0:00:40]} 28. Rxc6 {[%emt 0:00:22]} Rxc6 {[%emt 0:00:07]} 29. Bxc6 {[%emt 0:00:06]} Qxc6 {[%emt 0:00:31]} 30. Nxd5 {[%emt 0:00:13]} Qd6 {[%emt 0:01:26]} 31. Nb6 1-0

[Event "WSTCC-50 2020"]
[Site "Prague"]
[Date "2020.03.06"]
[Round "1.36"]
[White "Wendling, Jens"]
[Black "Polster, Wolfgang"]
[Result "0-1"]
[WhiteElo "1908"]
[BlackElo "2201"]
[Annotator "ChessBase"]
[PlyCount "64"]
[EventDate "2020.03.06"]
[EventType "team-tourn"]
[EventCountry "CZE"]
[SourceTitle "playchess.com"]
[Source "ChessBase"]
[SourceQuality "1"]
[TimeControl "40/5400+30:1800+30"]

1. e4 {[%emt 0:00:00]} e6 {[%emt 0:00:00]} 2. Qe2 {[%emt 0:00:00]} c5 {[%emt 0:01:23]} 3. g3 {[%emt 0:00:13]} Nc6 {[%emt 0:01:04]} 4. c3 {[%emt 0:00:29]} g6 {[%emt 0:05:16]} 5. Nf3 {[%emt 0:02:20]} Bg7 {[%emt 0:00:30]} 6. Bg2 {[%emt 0:00:50]} d6 {[%emt 0:01:05]} 7. O-O {[%emt 0:01:44]} Nge7 {[%emt 0:00:20]} 8. Na3 {[%emt 0:01:37]} O-O {[%emt 0:00:44]} 9. Re1 {[%emt 0:01:34]} a6 {[%emt 0:02:18]} 10. Nc2 {[%emt 0:02:27]} Qc7 {[%emt 0:05:04]} 11. d4 {[%emt 0:02:36]} cxd4 {[%emt 0:03:07]} 12. cxd4 {[%emt 0:01:17]} Bd7 {[%emt 0:01:06]} 13. Bf4 {[%emt 0:05:05]} Rac8 {[%emt 0:09:37]} 14. Rac1 {[%emt 0:03:48]} Qb8 {[%emt 0:03:43]} 15. Red1 {[%emt 0:03:48]} Rfd8 {[%emt 0:06:13]} 16. Nce1 {[%emt 0:09:03]} Na7 {[%emt 0:29:33]} 17. d5 {[%emt 0:19:01]} Rxc1 {[%emt 0:03:01]} 18. Bxc1 {[%emt 0:04:54]} exd5 {[%emt 0:01:14]} 19. exd5 {[%emt 0:01:47]} Re8 {[%emt 0:00:25]} 20. Qd2 {[%emt 0:02:47]} Qc7 {[%emt 0:06:03]} 21. Nc2 {[%emt 0:05:18]} Nac8 {[%emt 0:03:30]} 22. Ne3 {[%emt 0:01:09]} Nf5 {[%emt 0:01:01]} 23. Qb4 {[%emt 0:02:00]} a5 {[%emt 0:01:53]} 24. Qb3 {[%emt 0:04:47]} Nb6 {[%emt 0:02:25]} 25. Re1 {[%emt 0:04:46]} Nd4 {[%emt 0:02:45]} 26. Qd1 {[%emt 0:01:11]} Qc5 {[%emt 0:01:04]} 27. b3 {[%emt 0:00:46]} Nb5 {[%emt 0:01:51]} 28. a4 {[%emt 0:06:56]} Nc3 {[%emt 0:02:28]} 29. Qd3 {[%emt 0:01:38]} Ncxd5 {[%emt 0:01:10]} 30. Rd1 {[%emt 0:01:19]} Bc6 {[%emt 0:01:07]} 31. Ba3 {[%emt 0:06:47]} Qxa3 {[%emt 0:00:23]} 32. Nxd5 {[%emt 0:00:09]} Nxd5 {[%emt 0:00:38]} 0-1

[Event "WSTCC-50 2020"]
[Site "Prague"]
[Date "2020.03.06"]
[Round "1.37"]
[White "Korenek, Frantisek"]
[Black "Pekarek, Ales"]
[Result "0-1"]
[WhiteElo "1952"]
[BlackElo "2274"]
[Annotator "ChessBase"]
[PlyCount "108"]
[EventDate "2020.03.06"]
[EventType "team-tourn"]
[EventCountry "CZE"]
[SourceTitle "playchess.com"]
[Source "ChessBase"]
[SourceQuality "1"]
[TimeControl "40/5400+30:1800+30"]

1. e4 {[%emt 0:00:00]} d6 {[%emt 0:02:11]} 2. d4 {[%emt 0:00:00]} Nf6 {[%emt 0:00:04]} 3. Nc3 {[%emt 0:00:00]} g6 {[%emt 0:00:04]} 4. Nf3 {[%emt 0:00:26]} Bg7 {[%emt 0:00:10]} 5. Be2 {[%emt 0:00:10]} O-O {[%emt 0:00:27]} 6. O-O {[%emt 0:00:09]} a6 {[%emt 0:02:58]} 7. a4 {[%emt 0:00:29]} Nc6 {[%emt 0:01:25]} 8. h3 {[%emt 0:01:38]} e5 {[%emt 0:04:32]} 9. d5 {[%emt 0:00:13]} Ne7 {[%emt 0:00:20]} 10. Be3 {[%emt 0:00:25]} Kh8 {[%emt 0:02:57]} 11. Ne1 {[%emt 0:07:12]} Nd7 {[%emt 0:03:19]} 12. f4 {[%emt 0:02:40]} f5 {[%emt 0:02:33]} 13. fxe5 {[%emt 0:02:12]} Nxe5 {[%emt 0:00:47]} 14. Nf3 {[%emt 0:04:32]} f4 {[%emt 0:04:34]} 15. Nxe5 {[%emt 0:03:30]} Bxe5 {[%emt 0:02:23]} 16. Bd4 {[%emt 0:00:09]} Ng8 {[%emt 0:00:31]} 17. Bxe5+ {[%emt 0:00:54]} dxe5 {[%emt 0:00:03]} 18. Bg4 {[%emt 0:00:33]} Bxg4 {[%emt 0:01:01]} 19. Qxg4 {[%emt 0:00:41]} Qd6 {[%emt 0:02:33]} 20. Kh2 {[%emt 0:02:34]} Nf6 {[%emt 0:03:32]} 21. Qf3 {[%emt 0:00:24]} g5 {[%emt 0:01:51]} 22. g4 {[%emt 0:03:07]} Rg8 {[%emt 0:02:17]} 23. Rg1 {[%emt 0:04:56]} Qc5 {[%emt 0:01:28]} 24. Rg2 {[%emt 0:00:28]} b5 {[%emt 0:01:12]} 25. Qd3 {[%emt 0:05:01]} b4 {[%emt 0:02:27]} 26. Nd1 {[%emt 0:01:52]} Rgd8 {[%emt 0:09:07]} 27. c4 {[%emt 0:02:14]} bxc3 {[%emt 0:05:18]} 28. Nxc3 {[%emt 0:04:11]} Qd4 {[%emt 0:02:26]} 29. Rd1 {[%emt 0:00:37]} Qxd3 {[%emt 0:00:18]} 30. Rxd3 {[%emt 0:00:06]} Rab8 {[%emt 0:00:15]} 31. Re2 {[%emt 0:02:19]} Rb4 {[%emt 0:03:14]} 32. Kg2 {[%emt 0:00:18]} Ne8 {[%emt 0:02:48]} 33. Kf3 {[%emt 0:01:20]} Rdb8 {[%emt 0:00:56]} 34. d6 {[%emt 0:03:39]} cxd6 {[%emt 0:05:00]} 35. Nd5 {[%emt 0:00:37]} Rb3 {[%emt 0:09:25]} 36. Rc3 {[%emt 0:00:08]} Ng7 {[%emt 0:02:08]} 37. Nc7 {[%emt 0:04:14]} Rxb2 {[%emt 0:01:55]} 38. Nxa6 {[%emt 0:00:29]} Ne6 {[%emt 0:02:40]} 39. Nxb8 {[%emt 0:05:27]} Nd4+ {[%emt 0:00:53]} 40. Kf2 {[%emt 0:00:00]} Rxe2+ {[%emt 0:00:00]} 41. Kf1 {[%emt 0:00:18]} Ra2 {[%emt 0:06:48]} 42. Nd7 {[%emt 0:03:06]} Rxa4 {[%emt 0:02:09]} 43. Nf6 {[%emt 0:00:13]} Kg7 {[%emt 0:09:46]} 44. Ne8+ {[%emt 0:00:08]} Kg6 {[%emt 0:03:33]} 45. Nxd6 {[%emt 0:00:07]} h5 {[%emt 0:00:34]} 46. Nf5 {[%emt 0:01:40]} hxg4 {[%emt 0:01:06]} 47. hxg4 {[%emt 0:00:12]} Kf6 {[%emt 0:01:25]} 48. Rh3 {[%emt 0:02:40]} Nxf5 {[%emt 0:05:38]} 49. exf5 {[%emt 0:00:06]} e4 {[%emt 0:00:12]} 50. Rb3 {[%emt 0:00:46]} Ra1+ {[%emt 0:00:53]} 51. Kf2 {[%emt 0:00:20]} Ra2+ {[%emt 0:00:23]} 52. Kf1 {[%emt 0:00:33]} f3 {[%emt 0:00:26]} 53. Re3 {[%emt 0:02:03]} Ke5 {[%emt 0:00:20]} 54. f6 {[%emt 0:00:49]} Kf4 0-1

[Event "WSTCC-50 2020"]
[Site "Prague"]
[Date "2020.03.06"]
[Round "1.38"]
[White "Pastircak, Milan"]
[Black "Hejda, Antonin"]
[Result "1-0"]
[WhiteElo "2277"]
[BlackElo "1907"]
[Annotator "ChessBase"]
[PlyCount "51"]
[EventDate "2020.03.06"]
[EventType "team-tourn"]
[EventCountry "CZE"]
[SourceTitle "playchess.com"]
[Source "ChessBase"]
[SourceQuality "1"]
[TimeControl "40/5400+30:1800+30"]

1. Nf3 {[%emt 0:00:00]} Nf6 {[%emt 0:00:00]} 2. d4 {[%emt 0:00:00]} d5 {[%emt 0:00:00]} 3. Bf4 {[%emt 0:00:02]} Bg4 {[%emt 0:00:59]} 4. Ne5 {[%emt 0:00:42]} Bh5 {[%emt 0:00:24]} 5. c4 {[%emt 0:00:40]} Nbd7 {[%emt 0:00:48]} 6. Nc3 {[%emt 0:04:57]} c6 {[%emt 0:07:58]} 7. Qb3 {[%emt 0:03:29]} Qb6 {[%emt 0:01:03]} 8. Nxd7 {[%emt 0:07:43]} Nxd7 {[%emt 0:00:50]} 9. cxd5 {[%emt 0:04:39]} Qxb3 {[%emt 0:07:04]} 10. axb3 {[%emt 0:00:02]} Nb6 {[%emt 0:00:34]} 11. dxc6 {[%emt 0:05:07]} bxc6 {[%emt 0:00:08]} 12. e4 {[%emt 0:00:23]} e6 {[%emt 0:03:19]} 13. Ba6 {[%emt 0:08:49]} Rd8 {[%emt 0:02:33]} 14. Bb7 {[%emt 0:02:52]} Rxd4 {[%emt 0:01:03]} 15. Bxc6+ {[%emt 0:00:34]} Nd7 {[%emt 0:00:33]} 16. Rxa7 {[%emt 0:07:47]} Bb4 {[%emt 0:00:35]} 17. O-O {[%emt 0:00:26]} Ke7 {[%emt 0:01:47]} 18. Nb5 {[%emt 0:10:01]} Rd3 {[%emt 0:01:22]} 19. Bd6+ {[%emt 0:02:33]} Rxd6 {[%emt 0:09:58]} 20. Nxd6 {[%emt 0:00:02]} Kxd6 {[%emt 0:00:02]} 21. Bxd7 {[%emt 0:00:12]} Ke5 {[%emt 0:00:19]} 22. Rb7 {[%emt 0:05:15]} Bc5 {[%emt 0:01:30]} 23. Rc1 {[%emt 0:03:54]} Bd4 {[%emt 0:04:13]} 24. Rb5+ {[%emt 0:00:28]} Kd6 {[%emt 0:00:09]} 25. Rxh5 {[%emt 0:00:08]} Kxd7 {[%emt 0:00:20]} 26. Rd1 {[%emt 0:00:12]} 1-0

[Event "WSTCC-50 2020"]
[Site "Prague"]
[Date "2020.03.06"]
[Round "1.39"]
[White "Musil, Martin"]
[Black "Mudrak, Josef"]
[Result "0-1"]
[WhiteElo "1937"]
[BlackElo "2213"]
[Annotator "ChessBase"]
[PlyCount "52"]
[EventDate "2020.03.06"]
[EventType "team-tourn"]
[EventCountry "CZE"]
[SourceTitle "playchess.com"]
[Source "ChessBase"]
[SourceQuality "1"]
[TimeControl "40/5400+30:1800+30"]

1. e4 {[%emt 0:00:00]} c5 {[%emt 0:00:00]} 2. Nf3 {[%emt 0:00:00]} Nc6 {[%emt 0:00:15]} 3. d4 {[%emt 0:00:00]} cxd4 {[%emt 0:00:18]} 4. Nxd4 {[%emt 0:00:00]} Nf6 {[%emt 0:00:24]} 5. Nc3 {[%emt 0:00:09]} e5 {[%emt 0:00:20]} 6. Nb3 {[%emt 0:01:40]} Bb4 {[%emt 0:00:34]} 7. Bd3 {[%emt 0:11:12]} d5 {[%emt 0:03:24]} 8. exd5 {[%emt 0:01:25]} Nxd5 {[%emt 0:01:04]} 9. Bd2 {[%emt 0:00:38]} Nxc3 {[%emt 0:01:16]} 10. bxc3 {[%emt 0:00:09]} Be7 {[%emt 0:00:36]} 11. O-O {[%emt 0:00:19]} O-O {[%emt 0:00:31]} 12. Re1 {[%emt 0:03:40]} f5 {[%emt 0:04:31]} 13. Qh5 {[%emt 0:07:59]} Be6 {[%emt 0:04:12]} 14. Rad1 {[%emt 0:01:11]} Qc7 {[%emt 0:07:26]} 15. Qe2 {[%emt 0:16:50]} Bd6 {[%emt 0:10:15]} 16. h3 {[%emt 0:03:21]} Rae8 {[%emt 0:09:38]} 17. Bc4 {[%emt 0:01:41]} Kh8 {[%emt 0:08:38]} 18. Bxe6 {[%emt 0:07:14]} Rxe6 {[%emt 0:00:17]} 19. Qd3 {[%emt 0:00:17]} Rg6 {[%emt 0:01:16]} 20. c4 {[%emt 0:05:15]} e4 {[%emt 0:01:26]} 21. Qe3 {[%emt 0:13:39]} b6 {[%emt 0:05:29]} 22. Bc3 {[%emt 0:03:52]} Be5 {[%emt 0:06:24]} 23. Rd5 {[%emt 0:04:46]} f4 {[%emt 0:03:11]} 24. Qd2 {[%emt 0:01:57]} e3 {[%emt 0:00:45]} 25. fxe3 {[%emt 0:04:39]} Bxc3 {[%emt 0:03:38]} 26. Qxc3 {[%emt 0:00:27]} f3 {[%emt 0:00:14]} 0-1